<?xml version="1.0" encoding="UTF-8"?>
<record
    xmlns:xsi="http://www.w3.org/2001/XMLSchema-instance"
    xsi:schemaLocation="http://www.loc.gov/MARC21/slim http://www.loc.gov/standards/marcxml/schema/MARC21slim.xsd"
    xmlns="http://www.loc.gov/MARC21/slim">

  <leader>02821cam a2200277 a 4500</leader>
  <controlfield tag="001">1430</controlfield>
  <controlfield tag="005">20230824161354.0</controlfield>
  <controlfield tag="008">100427s2010    nyuab         001 0 eng d</controlfield>
  <datafield tag="020" ind1=" " ind2=" ">
    <subfield code="a">9781603201629</subfield>
  </datafield>
  <datafield tag="020" ind1=" " ind2=" ">
    <subfield code="a">1603201629</subfield>
  </datafield>
  <datafield tag="040" ind1=" " ind2=" ">
    <subfield code="a">BTCTA</subfield>
    <subfield code="b">eng</subfield>
    <subfield code="c">BTCTA</subfield>
    <subfield code="d">BKL</subfield>
    <subfield code="d">QBX</subfield>
    <subfield code="d">IHI</subfield>
    <subfield code="d">YDXCP</subfield>
    <subfield code="d">DLC</subfield>
  </datafield>
  <datafield tag="050" ind1="0" ind2="0">
    <subfield code="a">D23</subfield>
    <subfield code="b">.H535 2010</subfield>
  </datafield>
  <datafield tag="082" ind1="0" ind2="4">
    <subfield code="a">909</subfield>
    <subfield code="2">22</subfield>
  </datafield>
  <datafield tag="100" ind1=" " ind2=" ">
    <subfield code="a">Knauer, Kelly</subfield>
  </datafield>
  <datafield tag="245" ind1="0" ind2="0">
    <subfield code="a">History's greatest events :</subfield>
    <subfield code="b">100 turning points that changed the world : an illustrated journey /</subfield>
    <subfield code="c">[editor Kelly Knauer].</subfield>
  </datafield>
  <datafield tag="246" ind1="3" ind2=" ">
    <subfield code="a">Time history's greatest events</subfield>
  </datafield>
  <datafield tag="260" ind1=" " ind2=" ">
    <subfield code="a">New York :</subfield>
    <subfield code="b">Time Home Entertainment,</subfield>
    <subfield code="c">2010.</subfield>
  </datafield>
  <datafield tag="300" ind1=" " ind2=" ">
    <subfield code="a">vi, 154 pages :</subfield>
    <subfield code="b">color illustrations, maps ;</subfield>
    <subfield code="c">31 cm</subfield>
  </datafield>
  <datafield tag="500" ind1=" " ind2=" ">
    <subfield code="a">Includes index.</subfield>
  </datafield>
  <datafield tag="520" ind1=" " ind2=" ">
    <subfield code="a">Join the editors of TIME in a fast-paced journey through the adventures of man on Planet Earth in this richly illustrated volume, which explores history's most important turning points. Here are the great religions: Buddhism, Christianity and Islam. Here are the great empires, from the vanished civilization of the Minoans on Crete to the glories of Classical Greece and Rome to the mysterious collapse of the Maya culture in Mexico. Here are the visionary scientists who altered our view of nature's laws: Newton and Darwin, Copernicus and Einstein. Here are the great conquerors,including Alexander the Great, Julius Caesar, Genghis Khan and Napoleon. And here are the great clashes between cultures, as Christian knights besiege Muslim citadels in the Crusades, a handful of Spanish conquistadors topple the empires of the Aztecs and Incas, and Japan attacks the U.S. naval base at Pearl Harbor. The book is arranged chronologically, rapidly accelerating in pace as it reports the development of the technologies that define the modern world, from the coming of the railroad and the telegraph to the advent of photography, the cinema and television and culminating in the invention of the transistor and the boot-up of the World Wide Web. And it offers fresh perspectives on cultures too often overlooked, from the Golden Age of Islam to the voyages of Viking mariners to China's renascence under the Ming dynasty. Presented in a special oversized format, this beautifully illustrated volume also offers a sweeping panorama of man's greatest artistic achievements, from the cave paintings of Lascaux to marvelous medieval maps and on to the great paintings and sculptures of the Renaissance. As an illuminating guide to mankind's triumphs and sorrows, and as a gallery of human culture, science, art and architecture, it offers a dazzling and provocative encounter with the great turning points of history.</subfield>
  </datafield>
  <datafield tag="650" ind1=" " ind2="0">
    <subfield code="a">History</subfield>
    <subfield code="v">Miscellanea.</subfield>
  </datafield>
  <datafield tag="650" ind1=" " ind2="0">
    <subfield code="a">History</subfield>
    <subfield code="v">Popular works.</subfield>
  </datafield>
  <datafield tag="700" ind1="1" ind2=" ">
    <subfield code="a">Knauer, Kelly.</subfield>
  </datafield>
  <datafield tag="906" ind1=" " ind2=" ">
    <subfield code="a">7</subfield>
    <subfield code="b">cbc</subfield>
    <subfield code="c">copycat</subfield>
    <subfield code="d">2</subfield>
    <subfield code="e">epcn</subfield>
    <subfield code="f">20</subfield>
    <subfield code="g">y-gencatlg</subfield>
  </datafield>
  <datafield tag="942" ind1=" " ind2=" ">
    <subfield code="2">ddc</subfield>
    <subfield code="c">BK</subfield>
    <subfield code="n">0</subfield>
  </datafield>
  <datafield tag="999" ind1=" " ind2=" ">
    <subfield code="c">1430</subfield>
    <subfield code="d">1430</subfield>
  </datafield>
  <datafield tag="952" ind1=" " ind2=" ">
    <subfield code="0">0</subfield>
    <subfield code="1">0</subfield>
    <subfield code="2">ddc</subfield>
    <subfield code="4">0</subfield>
    <subfield code="7">0</subfield>
    <subfield code="8">NFIC</subfield>
    <subfield code="a">001</subfield>
    <subfield code="b">001</subfield>
    <subfield code="c">TKLobby</subfield>
    <subfield code="d">2023-08-24</subfield>
    <subfield code="l">1</subfield>
    <subfield code="o">KNA 909 D23.H535</subfield>
    <subfield code="p">2023-0346</subfield>
    <subfield code="r">2023-09-25 08:25:49</subfield>
    <subfield code="s">2023-09-22</subfield>
    <subfield code="w">2023-08-24</subfield>
    <subfield code="y">BK</subfield>
  </datafield>
</record>
